念念時光真味
| 資料類型: | 圖書 | 書目號: | 53545 |
Leader xxxxxxxxxx 001 __ 102620/2/01 005 __ 20191030163633.471 010 0_ |a9789861336770|b平裝|d新臺幣340元 100 __ |a20191030d2019 m y0chiy50 e 101 0_ |achi 102 __ |atw 105 __ |aa z 000cy 200 1_ |a念念時光真味|f吳念真著 205 __ |a初版 210 __ |a臺北市|c圓神|d2019[民108] 215 0_ |a201圖|c圖|d21公分 225 12 |a圓神文叢|v246 682 __ |a855 700 _1 |a吳|b念真|4著 681 __ |a855|b8853 801 _0 |atw|bLibDipper|c20191030|gCCR |